000 00529nam a2200181 i 4500
001 49402
003 ES-MaACL
005 20250809033902.0
007 t|
008 030715s1944 sp ||||1| spa d
100 1 _aCorts Grau, José.
_940959
245 1 0 _aPrincipios de derecho natural /
_cJosé Corts Grau.
260 _aMadrid :
_bEditora Nacional,
_c1944 (
_fYagües)
300 _a313 p. ;
_c19 cm.
650 0 7 _aDerecho natural
_2embne
_911744
852 _aES-MaACL
_jE-2170
_bR.23242
999 _c49402
_d49402